000 00406nam a2200157Ia 4500
008 230917s9999||||xx |||||||||||||| ||und||
040 _e114129
_aMAIN
041 _aEnglish
082 _a658.8 A13I
100 _aAlbaum, Gerald
245 0 _aInternational marketing and export management
250 _a5th ed.
260 _aNew Delhi
_bPearson Education
_c2005
300 _axxii, 666 p.
942 _cBK
999 _c139858
_d139858